000 004520000a22001810004500
003 MACL
005 20150714153016.0
008 150714b xxu||||| |||| 00| 0 eng d
040 _aMACL
_cMACL
041 _aEnglish
082 _a323/KRI
100 _aKrishnamurthy, S.
_92081
245 _aHuman Rights and The Indian Police
260 _bR.R. Publishers
_c1994
_aBanglore
350 _a140
650 _aSocial Science
_92082
942 _cBK
_k323
_2ddc
999 _c2826
_d2826